Los partidos políticos en el Estado de México : origen, desarrollos y perspectivas /

El autor realiza en esta obra una revisión del estado que guardan las distintas fuerzas políticas existentes hasta el 2012, en el Estado de México. Después de la reforma electoral de 1996 el partido en el poder (PRI) se encuentra en una lucha constante con otros organismos políticos además de las ot...

وصف كامل

محفوظ في:
التفاصيل البيبلوغرافية
المؤلف الرئيسي: Reveles Vázquez, Francisco (coord.)
مؤلفون آخرون: Sánchez Ramos, Miguel Angel (coordinación) (coordinación)
التنسيق: كتاب
اللغة:الإسبانية
منشور في: Toluca, México : Instituto Electoral del Estado de México : Universidad Autónoma del Estado de México : Fontamara, 2012, c2012
سلاسل:(Argumentos Fontamara ; 145)
الموضوعات:
الوسوم: إضافة وسم
لا توجد وسوم, كن أول من يضع وسما على هذه التسجيلة!

MARC

LEADER 00000nam^a2200000^a^4500
001 000359355
005 20250521000000.0
009 20260526141859.26
020 |a 978-607-7971-81-8 
037 |a Acervo ITESO - Biblioteca 
041 |a ESP 
082 |a 324. 272  |b REV 
100 |a Reveles Vázquez, Francisco  |e (coord.) 
245 1 4 |a Los partidos políticos en el Estado de México :  |b origen, desarrollos y perspectivas /  |c Coord. de F. Reveles Vázquez, M.A. Sánchez Ramos. 
264 4 |a Toluca, México :  |b Instituto Electoral del Estado de México :  |b Universidad Autónoma del Estado de México :  |b Fontamara,  |c 2012, c2012 
300 |a 499 p. 
336 |a texto  |b txt  |2 rdacontenido 
337 |a sin mediación  |b n  |2 rdamedio 
338 |a volumen  |b nc  |2 rdasoporte 
440 1 |a (Argumentos Fontamara ;  |v 145) 
520 |a El autor realiza en esta obra una revisión del estado que guardan las distintas fuerzas políticas existentes hasta el 2012, en el Estado de México. Después de la reforma electoral de 1996 el partido en el poder (PRI) se encuentra en una lucha constante con otros organismos políticos además de las otras dos fuerzas mayores (PAN y PRD) que equilibran la lucha en el poder legislativo. Los autores presentan por separado el análisis de cada partido político, su historia, trayectoria, ideologías y presencia tanto a nivel municipal como del congreso del estado. 
649 |a XX 
650 |a Partido de la Revolución Democrática -  |z México (Esatado) 
650 |a Partido Acción Nacional -  |z México (Estado) 
650 |a Partido Revolucionario Institucional -  |z México (Estado) 
650 |a Partidos de Izquierda -  |z México (Estado) 
650 |a Partidos de Derecha -  |z México (Estado) 
650 |a Partidos Políticos -  |z México (Estado) -  |x Tema Principal 
650 |a Instituciones Políticas -  |z México (Estado) 
650 |a Proceso Político -  |z México (Estado) 
650 |a Política -  |z México (Estado) 
700 |a Sánchez Ramos, Miguel Angel  |e (coordinación) 
910 |a Fondo General 
920 |a Impresos - Libros 
930 |a Colección General 
905 |a 101 
901 |a 0500252546  |b IT1  |c ACC  |i D72775  |u 20250521 
902 |a https://opac.biblio.iteso.mx/vufind/Record/000359355